Normal view
MARC view
Entry Geographic Name
001 - CONTROL NUMBER
- control field: 14096
003 - CONTROL NUMBER IDENTIFIER
- control field: BD-RjUL
005 - DATE AND TIME OF LATEST TRANSACTION
- control field: 20241104112359.0
008 - FIXED-LENGTH DATA ELEMENTS
- fixed length control field: 241104|| aca||aabn | a|a d
040 ## - CATALOGING SOURCE
- Original cataloging agency: BD-RjUL
- Transcribing agency: BD-RjUL
151 ## - HEADING--GEOGRAPHIC NAME
- Geographic name: United States
- General subdivision: Strategic aspects
670 ## - SOURCE DATA FOUND
- Source citation: Work cat.: (BD-RjUL)84230: Sarker, Masud, author. 14093, US pivot toward India after 9/11 :